LIBRARY & INFORMATION CENTRE, KCAET, TAVANUR

ONLINE PUBLIC ACCESS CATALOGUE (OPAC)

Machine tool practices / (Record no. 5617)

MARC details
000 -LEADER
fixed length control field 00530cam a2200205ua 4500
003 - CONTROL NUMBER IDENTIFIER
control field OSt
008 - FIXED-LENGTH DATA ELEMENTS--GENERAL INFORMATION
fixed length control field 250328b |||||||| |||| 00| 0 eng d
041 ## - LANGUAGE CODE
Language code of text/sound track or separate title eng
082 ## - DEWEY DECIMAL CLASSIFICATION NUMBER
Classification number 621.902
Item number KIB/MA
100 ## - MAIN ENTRY--AUTHOR NAME
Personal name Kibbe, Richard R .
245 ## - TITLE STATEMENT
Title Machine tool practices /
250 ## - EDITION STATEMENT
Edition statement 3 /
260 ## - PUBLICATION, DISTRIBUTION, ETC. (IMPRINT)
Place of publication New Jersey :
Name of publisher Prentice Hall Inc ,
Year of publication 1987.
300 ## - PHYSICAL DESCRIPTION
Number of Pages 839 ; .
500 ## - GENERAL NOTE
General note ** Reference
700 1# - ADDED ENTRY--PERSONAL NAME
Personal name Meyu, Roland O .
700 1# - ADDED ENTRY--PERSONAL NAME
Personal name Neely, John E .
700 1# - ADDED ENTRY--PERSONAL NAME
Personal name White, Warren T .
942 ## - ADDED ENTRY ELEMENTS (KOHA)
Koha item type Books
Holdings
Withdrawn status Lost status Damaged status Home library Current library Date acquired Full call number Accession Number Koha item type
      KAUAET KAUAET 07/04/2012 621.902 KIB/MA 18096 Books
      KAUAET KAUAET 07/04/2012 621.902 KIB/MA 20625 Reference
free website counter